000 00515nam a22001577a 4500
999 _c511080
_d511080
020 _a8176257389
082 _aA6x5433 B179p\3
245 _aPunjab through the ages, vol.3
_cedited by S.R. Bakshi and Rashmi Pathak
260 _aNew Delhi
_bSarup
_c2007
300 _a502p.
440 _aStudies in comtemporary Indian history
_910127
650 _aPunjab (India) -- History
_910241
650 _aPunjab (India) -- Politics and government
_910242
700 _aBakshi, S.R.
_910128
700 _aPathak, Rashmi
_910129